UCF Head Football Coaches by Picture - Statistics

General Stats
  • This quiz has been taken 4 times
  • The average score is 5 of 10
Answer Stats
Picture Hint Answer % Correct
2021-2024 Gus Malzahn
100%
2018-2020 Josh Heupel
100%
2016-2017 | 2025-Present Scott Frost
100%
1985-1997 Gene McDowell
50%
2004-2015 George O'Leary
50%
1983-1984 Lou Saban
50%
2003 Alan Gooch
25%
1979-1981 Don Jonas
25%
1998-2003 Mike Kruczek
25%
2015 Danny Barrett
0%
No matching quizzes found
Score Distribution
Percent of People with Each Score
Percentile by Number Answered
Your Score History
You have not taken this quiz